LEADER 00903nam a2200229 i 4500 001 000000059062 003 CaOOAMICUS 005 20080725000000.0 008 080725s1992 xxk u000 u eng u 013 $a30234 020 $a1557130566 040 $aSeMil$bita 100 1 $aAuster, Paul,$d<1947- >.$0(OLS)http://semarc/name/30136 245 14$aThe art of hunger :$bessays, prefaces, interviews /$cPaul Auster. 260 $aLos Angeles :$bSun & Moon Press,$cc1992. 300 $a312 p. ;$c20 cm. 850 $aSeMil 852 $aSeMil$W1$xVenegono$y1$m1W VI 93$j25215$B25215$CSeMilBibl$Z2$F25218 $81 961 $aOmaggio: Brambilla don Franco Giulio 996 $6020$a1557130566$9(OLS)http://semarc/number/34844 996 $6245$aThe art of hunger :$bessays, prefaces, interviews$9(OLS)http://semarc/title/92216 996 $6260$aLos Angeles :$bSun & Moon Press$9(OLS)http://semarc/publisher/42038 LEADER 01396nam a2200277 i 4500 001 000000103102 003 CaOOAMICUS 005 20241203102710.0 008 010918s2001 gw u000 u ger u 013 $a75268 020 $a3-11-017001-9 040 $aSeMil$bita 245 04$aDas Ende des Paulus :$bhistorische, theologische und literaturgeschichtliche Aspekte /$cherausgegeben von Friedrich Wilhelm Horn. 260 $aBerlin ; New York :$bDe Gruyter,$c2001. 300 $aVIII, 359 p. ;$c24 cm. 490 0 $aBeihefte zur Zeitschrift für die neutestamentliche Wissenschaft und die Kunde der älteren Kirche ;$v106 600 04$aPaolo .$0(OLS)http://semarc/subject/1316 700 1 $aHorn, Friedrich Wilhelm,$d<1953- >.$0(OLS)http://semarc/name/38161 830 0$aBeihefte zur Zeitschrift für die neutestamentliche Wissenschaft und die Kunde der älteren Kirche ;$v106.$0(OLS)http://semarc/title/296 850 $aSeMil 852 $aSeMil$W1$xVenegono$y1$m2XA R 106$j252735$B59563$CSeMilBibl$Z2$F44093 $81 961 $aSottoscrizione: De Gruyter 996 $6020$a3-11-017001-9$9(OLS)http://semarc/number/82843 996 $6245$aDas Ende des Paulus :$bhistorische, theologische und literaturgeschichtliche Aspekte$9(OLS)http://semarc/title/149844 996 $6260$aBerlin ; New York :$bDe Gruyter$9(OLS)http://semarc/publisher/29892